Sistemnosť i evoljucija /
Uložené v:
| Médium: | Kniha |
|---|---|
| Jazyk: | Russian |
| Vydané: |
Moskva :
Nauka,
1984.
|
| Vydanie: | 1. izd. |
| ISBN: |
(brož.) |
| Fyzický popis: |
93 s. |
| Tagy: |
Pridať tag
Žiadne tagy, Buďte prvý kto otaguje tento záznam!
|
Titul je dostupný aj v ... 

MARC
| LEADER | 00000nam a2200000 a 4500 | ||
|---|---|---|---|
| 001 | 000155152 | ||
| 005 | 20121003195101.0 | ||
| 008 | 040101s1984 ru e ruso | ||
| 020 | |a (brož.) |c Kčs 19,00 | ||
| 040 | |a SVKKK |b slo |c SVKKK |e AACR2 | ||
| 041 | 0 | |a rus | |
| 044 | |a ru |c RU | ||
| 245 | 1 | 0 | |a Sistemnosť i evoljucija / |c red. Julij Anatol'jevič Šrejder. |
| 250 | |a 1. izd. | ||
| 260 | |a Moskva : |b Nauka, |c 1984. | ||
| 300 | |a 93 s. | ||
| 700 | 1 | |a Šrejder, Julij Anatol'jevič. |4 red | |
| 910 | |a svkkk | ||
| 998 | |a BK | ||
| 090 | |g SCKHL |k Sklad Pribinova 2. posch. |a III.125707 |j 705575 |i 155152-10 |4 Zastaraná |s Vyradená | ||